Marathon de culture générale : Pays - Statistiques

Statistiques générales
  • Ce quiz a été pris 802 fois
  • Le résultat moyen est 111 sur 500
Statistiques - réponses
Question Pays % Correct
Quel pays est le premier exportateur mondial de pétrole ? Arabie Saoudite
82%
De quel pays Honshu est-elle l'île principale ? Japon
79%
Selon les projections, quel sera le pays le plus peuplé du monde en 2050 ? Inde
74%
Quel pays doit accueillir la Coupe du monde en 2022 ? Qatar
73%
Quel pays les talibans ont-ils dirigé de 1996 à 2001 ? Afghanistan
69%
Dans quel pays se situe la ville de Waterloo ? (ville d'origine) Belgique
68%
De quel pays fait partie la Tasmanie ? Australie
65%
De quel pays vient Justin Bieber ? Canada
63%
Dans quel pays se trouvent les chaînes d'îles du Dodécanèse et des Cyclades ? Grèce
62%
Quel pays utilise le złoty comme monnaie ? Pologne
59%
Dans quel pays l'équipe nationale de rugby à XV est-elle connue sous le nom de Springboks ? Afrique du Sud
58%
Quel pays a pour capitale Tegucigalpa ? Honduras
58%
Quel est le plus petit pays du monde ? Vatican
58%
Quel pays a le pourcentage le plus élevé de roux et de rousses ? Irlande
56%
De quel pays est originaire le groupe ABBA ? Suède
52%
Dans quel pays est né Adolf Hitler ? Autriche
51%
Dans quel pays se trouve l'île d'Ithaque ? Grèce
51%
À part Chypre, quel pays insulaire se trouve dans la mer Méditerranée ? Malte
51%
Quel pays européen compte 227 îles habitées ? Grèce
50%
En 1493, le pape Alexandre VI divisa le Nouveau Monde et en donna la moitié à l'Espagne. Quel pays reçut l'autre moitié ? Portugal
50%
Quel pays borde Saint-Marin ? Italie
49%
Quelle micronation se situe sur la Côte d'Azur ? Monaco
49%
Quel pays produit le plus de films ? Inde
48%
Dans quel pays se situe l'antique cité de Pétra ? Jordanie
48%
Dans quel pays le nom de famille le plus répandu est-il Nguyen ? Viêt Nam
47%
Quel est le seul pays où les pandas géants vivent à l'état sauvage ? Chine
46%
Quel pays d'Afrique est géographiquement le plus proche de l'Amérique du Nord ? Maroc
46%
Dans quel pays est né le chanteur Jacques Brel ? Belgique
45%
Quelle nation africaine porte les initiales BF ? Burkina Faso
45%
Quel pays a offert la Statue de la Liberté aux États-Unis ? France
45%
De quel pays Bloemfontein est-elle la capitale judiciaire ? Afrique du Sud
44%
De quel pays fait partie la Flandre ? Belgique
44%
Dans quel pays trouve-t-on les îles d'Ibiza, de Majorque et de Minorque ? Espagne
44%
Dans quelle micronation se trouve le quartier de Monte-Carlo ? Monaco
44%
Quel pays est aussi connu sous le nom de Perse ? Iran
43%
De quel pays l'espresso est-il originaire ? Italie
43%
Quel pays compte environ 4,5 millions d'habitants, mais 40 millions de moutons ? Nouvelle-Zélande
43%
Quel pays d'Afrique était inhabité avant l'arrivée des premiers explorateurs portugais en 1456 ? Cap-Vert
42%
Dans quel pays moderne est né Christophe Colomb ? Italie
42%
Dans quel pays le reggae est-il né ? Jamaïque
42%
De quel pays est originaire la fête nommée Día de Muertos ? Mexique
42%
Quel pays est célèbre pour ses fjords ? Norvège
42%
De quel pays venaient 15 des pirates de l'air des attentats du 11 Septembre 2001 ? Arabie Saoudite
40%
Quel pays a été dirigé par les politiciens père et fils Pierre et Justin Trudeau ? Canada
40%
Quel pays possède un cèdre sur son drapeau ? Liban
40%
Quel pays est composé de 26 cantons ? Suisse
40%
Quel est le plus grand pays hispanophone en termes de superficie ? Argentine
39%
De quel pays le papyrus est-il originaire ? Égypte
39%
À quel pays de nom de Gaulois est-il souvent associé ? France
39%
De quel pays le Mossad est-il l'agence de renseignement ? Israël
39%
Quel pays est surnommé le "Pays du soleil levant" ? Japon
39%
Quel pays est très souvent associé aux moulins à vent ? Pays-Bas
39%
Quel pays était anciennement appelé Zaïre ? République Démocratique du Congo
39%
Dans quel pays les bidonvilles sont-ils appelés favelas ? Brésil
38%
Quel pays mesure 4 200 kilomètres de long, mais moins de 350 kilomètres de large ? Chili
38%
De quel pays fait partie l'île de Rhodes ? Grèce
38%
Sur le drapeau de quel pays figure l'étoile de David ? Israël
38%
Quel pays est communément, et à tort, connu sous le nom de Hollande ? Pays-Bas
38%
Quel pays insulaire se situe dans le golfe de Guinée ? Sao Tomé-et-Principe
38%
Quel pays a accueilli les Jeux olympiques d'été en 2016 ? Brésil
37%
Dans quel pays l'invasion de la Baie des Cochons a-t-elle eu lieu ? Cuba
37%
De quel pays le Groenland est-il un territoire ? Danemark
37%
Quel pays européen a connu une guerre civile dans les années 1930 ? Espagne
37%
Dans quel pays se situe le volcan Eyjafjallajökull ? Islande
37%
Quel pays a attaqué la base de Pearl Harbor en 1941 ? Japon
37%
Quel est le pays le plus peuplé d'Afrique ? Nigeria
37%
Dans quel pays se trouve Angkor Vat ? Cambodge
36%
De quel pays Néfertiti était-elle reine ? Égypte
36%
Dans quel pays Garcia est-il le nom de famille le plus courant ? Espagne
36%
Quel pays est souvent décrit comme ayant la forme d'une botte ? Italie
36%
De quel pays le malgache est-il la langue nationale ? Madagascar
36%
Quel est le pays le plus pauvre d'Europe ? Moldavie
36%
Quel pays possède le seul drapeau national non rectangulaire au monde ? Népal
36%
Quel est le seul pays dont le nom commence par la lettre Q ? Qatar
36%
Quel pays a voté pour quitter l'Union européenne lors d'un référendum en 2016 ? Royaume-Uni
36%
Quel pays a battu le Brésil 7-1 en demi-finale de la Coupe du Monde de la FIFA 2014 ? Allemagne
35%
Quel est le plus grand pays qui borde le Suriname ? Brésil
35%
Quel est le seul pays où le kurde est une langue officielle ? Irak
35%
Dans quel pays vivent les sherpas ? Népal
35%
Quel pays produit traditionnellement du porto ? Portugal
35%
Dans quel pays est fabriqué le Toblerone ? Suisse
35%
Quel pays a été annexé par l'Allemagne lors de l'"Anschluss" de 1938 ? Autriche
34%
Quel pays contient la majeure partie du delta du Gange ? Bangladesh
34%
Quel pays était autrefois connu sous le nom de Pakistan oriental ? Bangladesh
34%
À proximité de quel pays le territoire français de Saint-Pierre-et-Miquelon se situe-t-il ? Canada
34%
Quel pays est surnommé "l'Empire du Milieu" ? Chine
34%
Dans quel pays se situe le lac Baïkal ? Russie
34%
Quel pays était autrefois connu sous le nom de Ceylan ? Sri Lanka
34%
Dans quel pays les sites Web se terminent par .ch ? Suisse
34%
Quel pays compte 2,3 papes au kilomètre carré ? Vatican
34%
Dans quel pays se situe la ville de Bruges ? Belgique
33%
Quel pays tire près de 75 % de son électricité du nucléaire ? France
33%
De quel pays la Tunisie a-t-elle obtenu son indépendance en 1956 ? France
33%
Quel pays a la plus grande population musulmane ? Indonésie
33%
Quel pays l'Irak a-t-il envahi en 1990 ? Koweït
33%
Quel pays se situe entre l'Estonie et la Lituanie ? Lettonie
33%
Quel pays africain devrait dépasser les États-Unis en termes de population d'ici 2055 ? Nigeria
33%
Par ordre alphabétique, quel est le premier pays d'Europe ? Albanie
32%
Quel pays possède une feuille d'érable sur son drapeau ? Canada
32%
Quel est le seul pays où l'on trouve le dragon de Komodo à l'état sauvage ? Indonésie
32%
La Grande-Bretagne est la plus grande île d'Europe. Quelle est la deuxième plus grande ? Islande
32%
Dans quel pays sont fabriquées les Ferrari ? Italie
32%
Quelle nation insulaire est située à environ 80 km au sud de la Sicile ? Malte
32%
Le kiwi est le symbole national de quel pays ? Nouvelle-Zélande
32%
De quel pays fait partie la Transylvanie ? Roumanie
32%
Quel pays a pour capitale Ljubljana ? Slovénie
32%
De quel pays l'archipel de Zanzibar est-il une entité autonome ? Tanzanie
32%
Dans quel pays se trouve l'armée de terre cuite ? Chine
31%
Quel pays se trouve directement au sud du Panama ? Colombie
31%
Dans quel pays est né Pablo Escobar ? Colombie
31%
Quel pays a pour hymne nationale "La Bannière étoilée" en version française ? États-Unis
31%
Quel pays moderne était autrefois la colonie néerlandaise la plus grande et la plus rentable ? Indonésie
31%
La Nouvelle-Zélande porte le nom de la province de Zélande. De quel pays fait partie la Zélande ? Pays-Bas
31%
De quel pays le héros folklorique Guillaume Tell est-il originaire ? Suisse
31%
Quel pays est un état insulaire du golfe Persique ? Bahreïn
30%
Quel pays est aussi connu sous le nom de Myanmar ? Birmanie
30%
Quel pays a perdu environ 25 % de sa population à la fin des années 1970 sous le règne meurtrier de Pol Pot ? Cambodge
30%
Quel pays a le plus long littoral ? Canada
30%
Dans quel pays se situe le siège social de la société Hyundai ? Corée du Sud
30%
De quel pays le sauna est-il originaire ? Finlande
30%
Dans quel pays d'Amérique la religion vaudou est-elle couramment pratiquée ? Haïti
30%
Quel pays a occupé l'Éthiopie entre 1936 et 1941 ? Italie
30%
Quel pays était autrefois dirigé par des chefs militaires appelés shoguns ? Japon
30%
Dans quel pays vivaient les oiseaux dodos ? Maurice
30%
Quel pays a remporté le plus de médailles aux Jeux olympiques d'hiver ? Norvège
30%
Quel pays a été attaqué à la fois par l'Allemagne et l'Union soviétique en 1939 ? Pologne
30%
Quel pays a administré Macao jusqu'en 1999 ? Portugal
30%
Quel pays se situe sur la partie est d'Hispaniola ? République Dominicaine
30%
Quel pays porte le nom de Slovenská Republika dans sa langue officielle ? Slovaquie
30%
Quel pays possède un drapeau quasiment identique à celui de la Roumanie ? Tchad
30%
En surface, quel est le plus grand pays entièrement en Europe ? Ukraine
30%
Outre la France, quel est le pays de naissance le plus courant pour les résidents français ? Algérie
29%
Dans quel pays était-il interdit aux femmes de conduire jusqu'en 2017 ? Arabie Saoudite
29%
Quel pays possède la capitale nationale ayant la plus haute altitude ? Bolivie
29%
Quel pays est bordé par le Panama et le Nicaragua ? Costa Rica
29%
Quel pays est personnifié par Marianne, incarnant la liberté et la démocratie ? France
29%
Quel pays les États-Unis ont-ils soutenu dans leur guerre contre l'Iran dans les années 1980 ? Irak
29%
Quel pays compte le plus de musulmans chiites ? Iran
29%
Parmi les pays qui existaient au début de la Seconde Guerre mondiale, lequel a perdu le pourcentage le plus élevé de sa population ? Pologne
29%
Quel pays a accueilli la Coupe du monde de football en 2018 ? Russie
29%
Quel pays a inventé des comptes bancaires anonymes, identifiés par des numéros ? Suisse
29%
Dans quel pays est née la chanteuse Rihanna ? Barbade
28%
Quel est le seul pays d'Amérique centrale dont l'anglais est la langue officielle ? Belize
28%
Perchée à 5 068 mètres au-dessus du niveau de la mer, la gare ferroviaire de Tanggula est la plus haute du monde. Dans quel pays se trouve-t-elle? Chine
28%
Quel pays est divisé par des factions grecques et turques ? Chypre
28%
Quel pays a pour capitale Djibouti ? Djibouti
28%
Dans quel pays actuel Joseph Staline est-il né ? Géorgie
28%
Dans quel pays moderne la guerre du Péloponnèse s'est-elle déroulée ? Grèce
28%
Dans quel pays est-il courant que des "salarymen" séjournent dans des "hôtels capsules" ? Japon
28%
Quel pays se trouve directement au sud du détroit de Gibraltar ? Maroc
28%
De quel pays indépendant de facto la Chine revendique-t-elle la propriété ? Taïwan
28%
Dans quel pays se trouve le mont Kilimandjaro ? Tanzanie
28%
Quel pays se trouve à la frontière occidentale de la Suisse ? France
27%
Quel pays s'appelait autrefois les Indes néerlandaises ? Indonésie
27%
Quel pays moderne concentre la majeure partie de l'ancienne région de Mésopotamie ? Irak
27%
Quel pays est réputé pour ses champions de sprint ? Jamaïque
27%
Dans quel pays peut-on prendre le Shinkansen ? Japon
27%
Dans quel pays est basé le parti politique islamiste Hezbollah ? Liban
27%
En 2014, un Boeing 777 a mystérieusement disparu après avoir décollé de quel pays ? Malaisie
27%
Dans quel pays l'équipe de rugby à XV est-elle connue sous le nom de All Blacks ? Nouvelle-Zélande
27%
Parmi les pays d'Asie, lequel compte le plus de chrétiens ? Philippines
27%
Dans quel pays est née Marie Curie ? Pologne
27%
De quel pays fait partie la Sibérie ? Russie
27%
Quel est le pays le plus densément peuplé d'Asie ? Singapour
27%
Quel pays était autrefois connu sous le nom de Siam ? Thaïlande
27%
Dans quel pays se trouve la ville antique de Carthage ? Tunisie
27%
Quel pays d'Europe s'écrit България dans sa langue maternelle ? Bulgarie
26%
Dans quel pays les nouilles ont-elles été inventées ? Chine
26%
Quel pays partage son nom avec un État américain ? Géorgie
26%
De quel pays fait partie Sumatra ? Indonésie
26%
Dans quel pays est né le pape Jean-Paul II ? Pologne
26%
De quel pays l'archipel des Açores est-il une région autonome ? Portugal
26%
Outre le Vatican, quelle micronation est entièrement entourée par l'Italie ? Saint-Marin
26%
Dans quel pays moderne se trouvent les ruines de la ville de Troie ? Turquie
26%
Quel pays l'Union soviétique a-t-elle envahi en 1979 ? Afghanistan
25%
Dans quel pays moderne la guerre anglo-zouloue a-t-elle eu lieu ? Afrique du Sud
25%
Quel pays a pour hymne nationale "Le Grand Charlemagne" en version française ? Andorre
25%
Dans quel pays se situe le siège social de Samsung ? Corée du Sud
25%
Dans quel pays est né Barack Obama ? États-Unis
25%
Outre l'Irlande, quel pays est géographiquement le plus proche du Royaume-Uni ? France
25%
Quel pays s'écrit Ελλάδα dans sa langue maternelle ? Grèce
25%
De quel pays le quetzal est-il la monnaie ? Guatemala
25%
Dans quel pays peut-on trouver un kibboutz ? Israël
25%
Quel est le seul pays au monde à avoir un empereur ? Japon
25%
Dans quel pays Oussama ben Laden a-t-il été assassiné ? Pakistan
25%
De quel pays provient la bière Heineken ? Pays-Bas
25%
De quel pays le Darfour est-il une région ? Soudan
25%
Quel pays insulaire se trouve au large de la pointe sud-est de l'Inde ? Sri Lanka
25%
Dans quel pays l'équipe nationale de football est-elle surnommée "les Fennecs" ? Algérie
24%
Quelle micronation se trouve dans la chaîne de montagnes des Pyrénées ? Andorre
24%
De quel pays le didgeridoo est-il originaire ? Australie
24%
Dans quel pays moderne l'archiduc François-Ferdinand fut-il assassiné (évènement qui déclencha la Première Guerre mondiale) ? Bosnie-Herzégovine
24%
Quel pays possède la plus grande surface de forêt tropicale ? Brésil
24%
De quel pays sont originaires les Lego ? Danemark
24%
Quel pays produit le plus d'huile d'olive ? Espagne
24%
De quel pays la région de Lombardie fait-elle partie ? Italie
24%
Quel pays borde l'Inde et l'Iran ? Pakistan
24%
Quel pays est personnifié par la déesse Helvetia ? Suisse
24%
Dans quel pays moderne est né Wolfgang Amadeus Mozart ? Autriche
23%
Quel pays est situé entre les îles de Martinique et de Guadeloupe ? Dominique
23%
Quel pays compte le plus d'arabophones ? Égypte
23%
Quel pays a pour capitale Tripoli ? Libye
23%
De quel pays viennent les lémuriens ? Madagascar
23%
Quel pays fut dirigé par Guillaume d'Orange-Nassau ? Pays-Bas
23%
Dans quel pays se situe la ville de Haarlem ? Pays-Bas
23%
Quel pays asiatique porte le nom d'un roi espagnol ? Philippines
23%
Quel pays a pour capitale Mogadiscio ? Somalie
23%
Dans quel pays l'allemand, le français et l'italien sont-ils les langues officielles ? Suisse
23%
Quel pays est situé principalement en Anatolie ? Turquie
23%
Quel pays nie encore son massacre de plus d'un million d'Arméniens, qui se déroula en 1915 ? Turquie
23%
Quel pays a remporté le plus de coupes du monde de football masculin ? Brésil
22%
Avec quel pays les États-Unis ont-ils rétabli des relations diplomatiques en 2015 ? Cuba
22%
Quelle est la plus grande île des Caraïbes ? Cuba
22%
Quel pays a été formé par l'union de l'Aragon et de la Castille ? Espagne
22%
De quel pays vient le fabuliste Ésope ? Grèce
22%
Quel pays possède la plus faible altitude moyenne, qui s'élève à 2 mètres ? Maldives
22%
De quel pays la Bohême est-elle une région historique ? République Tchèque
22%
Quel pays utilise le code pays DE ? Allemagne
21%
Dans quel pays la "Tour du Royaume", qui devrait mesurer plus d'un kilomètre de haut lorsqu'elle sera achevée, est-elle en construction ? Arabie Saoudite
21%
Outre les États-Unis, quel pays comptait le plus d'immigrants italiens entre 1850 et 1950 ? Argentine
21%
Quel est le pays le plus peuplé du monde ? Chine
21%
Quel pays fait partie de l'UE, mais est souvent considéré comme faisant partie de l'Asie ? Chypre
21%
Quel pays est surnommé "Pays du Matin Frais" ? Corée du Sud
21%
Quel pays était dirigé par Fidel Castro ? Cuba
21%
Quel pays l'Italie a-t-elle envahi en 1935 ? Éthiopie
21%
Quel pays a pour capitale Oulan-Bator ? Mongolie
21%
Dans quel pays d'aujourd'hui la bataille de Gallipoli a-t-elle eu lieu ? Turquie
21%
Quel est le dernier pays du monde, par ordre alphabétique ? Zimbabwe
21%
Quel pays a pour code pays DZ ? Algérie
20%
Quel est le seul pays à partager une frontière terrestre avec le Danemark ? Allemagne
20%
De quel pays Hamlet était-il le prince ? Danemark
20%
Quel pays a été dirigé par Patrice de Mac Mahon de 1873 à 1879 ? France
20%
Quel pays utilisait la drachme comme monnaie, avant de passer à l'euro en 2001 ? Grèce
20%
Dans quel pays se situe la ville de Marathon ? Grèce
20%
De quel pays le goulasch est-il originaire ? Hongrie
20%
Dans quel pays Ingólfr Arnarson fut-il la première personne à s'installer en l'an 874 ? Islande
20%
Quel est le plus petit pays possédant (supposément) des armes nucléaires ? Israël
20%
Dans quel pays dit-on "Kanpai" lorsque l'on porte un toast ? Japon
20%
Quel pays est complètement entouré par l'Afrique du Sud ? Lesotho
20%
Quel pays est entièrement situé sur un isthme ? Panama
20%
Dans quel pays moderne se trouve le Machu Picchu ? Pérou
20%
À part le Mexique et le Canada, quel pays est géographiquement le plus proche des États-Unis ? Russie
20%
Quel pays fut dirigé par Léopold Sédar Senghor ? Sénégal
20%
Quel est le seul pays au monde dont le nom commence par la lettre Y ? Yémen
20%
Quel est le seul pays au monde où certaines autoroutes n'ont pas de limitation de vitesse ? Allemagne
19%
Quel nom de pays signifie "Ancien et Barbu" si on le traduit en français ? Antigua-et-Barbuda
19%
Contre quel pays le Royaume-Uni a-t-il mené une guerre en 1982 ? Argentine
19%
La Grande Barrière de Corail se trouve au large des côtes de quel pays ? Australie
19%
Quel pays possède le drapeau avec le plus d'orange (40,7%) ? Bhoutan
19%
Quel pays possède la seule capitale commençant par Z ? Croatie
19%
Quel a été le premier pays arabe à reconnaître Israël ? Égypte
19%
À quel pays appartient la péninsule du Sinaï ? Égypte
19%
Sur le drapeau de quel pays trouve-t-on un bouclier zoulou ? Eswatini
19%
Quel pays était historiquement connu sous le nom d'Abyssinie ? Éthiopie
19%
Quel pays est connu sous le nom de Suomi dans sa propre langue ? Finlande
19%
Dans quel pays trouve-t-on les plages d'Omaha, Juno et Utah ? France
19%
Dans quel pays la religion shintoïste est-elle couramment pratiquée ? Japon
19%
Quel est le plus grand pays enclavé du monde ? Kazakhstan
19%
Quel pays a pour plus grande ville Lagos ? Nigeria
19%
Dans quel pays se trouve la plus grande partie de la vallée de l'Indus ? Pakistan
19%
Quel pays célèbre la fête du Tết ? Viêt Nam
19%
Quel pays a autrefois décerné la médaille nommée "Croix de fer" ? Allemagne
18%
De quel pays l'Aconcagua est-t-il le plus haut sommet (6 962 mètres) ? Argentine
18%
Dans quel pays se trouve la majeure partie de la Patagonie ? Argentine
18%
En surface, quel est le plus grand pays entièrement de l'hémisphère sud ? Australie
18%
Dans quel pays Européen l'équipe nationale de football est-elle connue sous le nom de "Diables Rouges" ? Belgique
18%
Quel pays a pour symbole national Druk, le Dragon Tonnerre ? Bhoutan
18%
Quel est le pays le plus pauvre d'Afrique ? Burundi
18%
Quel pays a pour drapeau le symétrique de celui de l'Irlande ? Côte d'Ivoire
18%
Dans quel pays trouve-t-on les villes de Saragosse et Valladolid ? Espagne
18%
De quel pays l'Érythrée a-t-elle obtenu l'indépendance en 1993 ? Éthiopie
18%
Quel pays était gouverné par "Papa Doc" et "Baby Doc" Duvalier ? Haïti
18%
Dans quel pays se trouve la ville de Limerick ? Irlande
18%
Dans quel pays la température la plus élevée enregistrée n'était que de 30,5°C (la plus basse de tous les pays) ? Islande
18%
Quel pays possède le plus fort taux de fécondité ? Niger
18%
Dans quel pays se situe la ville de Lillehammer ? Norvège
18%
Quel pays se trouve à la frontière nord de la Bulgarie ? Roumanie
18%
Dans quel pays se trouve la ville de Llanfair­pwll­gwyn­gyll­go­gery­chwyrn­drobwll­llan­tysilio­gogo­goch ? Royaume-Uni
18%
Dans quel pays le haggis est-il un plat traditionnel ? Royaume-Uni
18%
Quel pays fut le théâtre du Génocide des Tutsi en 1994 ? Rwanda
18%
De quel pays moderne est originaire le tennisman Novak Djokovic ? Serbie
18%
Quel pays possède une capitale dont les initiales sont SJK ? Sri Lanka
18%
Dans quel pays se trouvait la prison de Robben Island ? Afrique du Sud
17%
En superficie, quel est le plus grand pays d'Afrique ? Algérie
17%
Dans quel pays se situe la ville fictive de Moulinsart, issue de l'œuvre de Hergé ? Belgique
17%
Dans quel pays d'Afrique l'équipe nationale de football est-elle surnommée "les Lions Indomptables" ? Cameroun
17%
Dans quel pays est née la chanteuse Mylène Farmer ? Canada
17%
De quel pays l'île de Pâques est-elle un territoire ? Chili
17%
Dans quel pays se trouve le plus grand stade du monde, le stade du Premier-Mai de Rungnado ? Corée du Nord
17%
Quel pays a définitivement aboli son armée en 1949 ? Costa Rica
17%
Quel pays était le voisin septentrional de la Nubie ? Égypte
17%
Quel pays possède la plus grande population de chrétiens coptes ? Égypte
17%
Dans quel pays se trouve l'archipel artificiel Palm Jumeirah ? Émirats arabes unis
17%
Quel pays a utilisé des cocktails Molotov dans sa guerre contre les Soviétiques ? Finlande
17%
Quel pays possède un territoire sur 5 des 13 plus grandes îles du monde ? Indonésie
17%
Golda Meir était le premier ministre de quel pays ? Israël
17%
Quel pays est relié à Singapour par des ponts ? Malaisie
17%
Dans quel pays se situe l'Annapurna ? Népal
17%
Dans quel pays se situe le château de Camelot, dans la légende arthurienne ? Royaume-Uni
17%
Quel pays compte les subdivisions d'Amour, Orel et de Toula ? Russie
17%
Dans quel pays se situe la presqu'île du Cap-Vert ? Sénégal
17%
Dans quel pays se trouve le Mont Ararat ? Turquie
17%
Quel pays utilise le Dong comme monnaie ? Viêt Nam
17%
Quel pays a accueilli la Coupe du monde de football en 2010 ? Afrique du Sud
16%
Quel pays est connu sous le nom d'Österreich dans sa langue maternelle ? Autriche
16%
Quel pays est devenu indépendant du Pakistan en 1971 ? Bangladesh
16%
Dans quel pays se trouvent les villes de Brest, Homiel et Orcha ? Biélorussie
16%
Quel pays a été gouverné par une junte de 1988 à 2011 ? Birmanie
16%
Quel pays a pour capitale Gitega ? Burundi
16%
Quel pays revendique son autorité sur le département française de Mayotte ? Comores
16%
Quel pays portait autrefois le nom de Swaziland ? Eswatini
16%
Quel est le plus petit pays d'Afrique continentale ? Gambie
16%
De quel pays les échecs sont-ils originaires ? Inde
16%
De quel pays Almaty était-elle l'ancienne capitale ? Kazakhstan
16%
Quel pays gagna sont indépendance de la France en 1956 ? Maroc
16%
Quel est le seul pays asiatique doublement enclavé ? Ouzbékistan
16%
Sur le drapeau de quel pays trouve-t-on un oiseau de paradis ? Papouasie-Nouvelle-Guinée
16%
Quel pays a connu un "âge d'or" de sa peinture, dans la seconde moitié des années 1600 ? Pays-Bas
16%
Dans quel pays se situe le mont Pinatubo, dont l'éruption de 1991 a été la plus importante des cent dernières années ? Philippines
16%
Quel pays fut occupé par l'Espagne, les États-Unis et le Japon avant de devenir indépendant ? Philippines
16%
La bière Pilsner tire son nom d'une ville de quel pays ? République Tchèque
16%
Quel est le plus petit pays d'Afrique ? Seychelles
16%
Quel pays a gagné son indépendance le plus récemment, en 2011 ? Soudan du Sud
16%
Quel pays fut la première source de réfugiés en 2015 ? Syrie
16%
De quel pays provient la soupe phở ? Viêt Nam
16%
Dans quel pays moderne la guerre des Boers s'est-elle déroulée ? Afrique du Sud
15%
Dans quel pays les Schtroumpfs ont-ils été inventés ? Belgique
15%
Dans quel pays le khmer est-il la langue principale ? Cambodge
15%
Dans quel pays le billet de banque a-t-il été inventé ? Chine
15%
Où le papier, l'imprimerie, la boussole et la poudre à canon ont-ils été inventés ? Chine
15%
Complétez cette citation de Shakespeare : "Il y a quelque chose de pourri au royaume du ______" Danemark
15%
Parmi les pays d'Afrique, lequel a la plus grande économie (2020) ? Égypte
15%
Dans quel pays se trouvent les villes de Paris, d'Oxford, de Berlin et d'Amsterdam ? États-Unis
15%
Quel pays possède le plus de fuseaux horaires au monde (13 au total) ? France
15%
Que représente la harpe sur les armoiries de la reine Elisabeth II ? Irlande
15%
Quel pays a offert à Albert Einstein sa présidence ? Israël
15%
Quel pays africain a été fondé pour accueillir les esclaves américains libérés ? Liberia
15%
Quel pays contrôle de facto la majeure partie du territoire contesté du Sahara occidental ? Maroc
15%
Sur le drapeau de quel pays trouve-t-on un fusil AK-47 ? Mozambique
15%
Quel pays a le nom le plus long, suivant l'orthographe officielle sur JetPunk (29 lettres) ? République Démocratique du Congo
15%
Quel pays a pour point culminant le Ben Nevis ? Royaume-Uni
15%
Dans quel pays moderne peut-on admirer les pyramides nubiennes ? Soudan
15%
Hors d'Europe, quel est le seul pays à avoir le Néerlandais comme langue officielle ? Suriname
15%
Quel pays a accueilli le plus de réfugiés syriens en 2015 ? Turquie
15%
Quel est le premier pays du monde, par ordre alphabétique ? Afghanistan
14%
Quel pays compte le plus grand nombre de personnes séropositives ? Afrique du Sud
14%
Quel pays était autrefois dirigé par F.W. de Klerk ? Afrique du Sud
14%
Les croissants sont généralement associés à la France. Mais de quel pays sont-ils originaires ? Autriche
14%
Quel pays possède un trident noir sur son drapeau officiel ? Barbade
14%
Quel pays produit le plus de grains de café ? Brésil
14%
Quel pays a pour capitale Asmara ? Érythrée
14%
Quel pays a subi 100 000 décès liés à un tremblement de terre en 2010 ? Haïti
14%
De quel pays sont originaires les Magyars ? Hongrie
14%
Dans quel pays l'art martial du krav maga fait-il partie de la formation de base des soldats ? Israël
14%
Quel pays a baptisé sa capitale d'après le 5ème président des États-Unis, James Monroe ? Liberia
14%
Quel pays est le plus grand producteur de pétrole en Afrique ? Nigeria
14%
De quel pays est originaire la chaîne de télévision Al Jazeera ? Qatar
14%
De quel pays Dar es Salam était-elle l'ancienne capitale ? Tanzanie
14%
Quel pays utilise le baht comme monnaie ? Thaïlande
14%
Quel pays a construit une clôture de 1 800 km pour empêcher la propagation des lapins (sans succès) ? Australie
13%
De quel pays Yangon était-elle l'ancienne capitale ? Birmanie
13%
Quel pays possède le drapeau avec le plus de rouge (97,63%) ? Chine
13%
Quel est le pays le moins diversifié au monde, avec 99,998 % de personnes venant du même groupe ethnique ? Corée du Nord
13%
Dans le film "Scarface", de quel pays vient Tony Montana ? Cuba
13%
Dans quel pays est né le chanteur Claude François ? Égypte
13%
Quel pays possède une roue à 24 rayons au centre de son drapeau ? Inde
13%
Quel pays chauffe la plupart de ses bâtiments à l'énergie géothermique ? Islande
13%
Dans quel pays est né le père de Barack Obama ? Kenya
13%
Quel pays possède le plus grand nombre de rayures sur son drapeau (14 au total) ? Malaisie
13%
Dans quel pays 276 écolières ont-elles été enlevées par Boko Haram en 2014 ? Nigeria
13%
Quel pays est géographiquement le plus proche de l'Australie ? Papouasie-Nouvelle-Guinée
13%
Quel est le seul pays au monde à être nommé d'après une femme ? Sainte-Lucie
13%
Quel pays compte le plus grand nombre d'homicides par habitant ? Salvador
13%
Quel pays, à part la Chine et Taïwan, compte une majorité de citoyens chinois ? Singapour
13%
Quel pays entoure la mer de Marmara ? Turquie
13%
Quel pays fut le premier à adopter le christianisme comme religion d'État en 301 ? Arménie
12%
Quel pays a sa capitale située sur le littoral de la mer Caspienne ? Azerbaïdjan
12%
Quel pays est situé à environ 110 km de la Floride ? Bahamas
12%
Quel pays était autrefois appelé Bechuanaland ? Botswana
12%
Dans quel pays la Bossa Nova est-elle née ? Brésil
12%
De quel pays vient une personne que l'on surnomme canuck ? Canada
12%
Dans quel pays opérait le groupe rebelle appelé FARC ? Colombie
12%
Dans quel pays moderne est né l'ingénieur et inventeur Nikola Tesla ? Croatie
12%
De quel pays provient la glace Häagen-Dazs ? États-Unis
12%
Quel pays africain partage son nom avec une ancienne pièce de monnaie britannique valant 21 shillings ? Guinée
12%
Quel est le seul pays, en dehors de l'Afrique, où l'on trouve encore des guépards à l'état sauvage ? Iran
12%
Dans quel pays se situe la commune de Schengen ? Luxembourg
12%
Dans quel pays se trouve Tombouctou ? Mali
12%
Quel est le plus grand pays inhabité jusqu'en 1050 ? Nouvelle-Zélande
12%
Dans quel pays s'est déroulé le film "Le dernier roi d'Écosse" ? Ouganda
12%
Quel pays dominait le commerce des épices des Indes orientales aux XVIIe et XVIIIe siècles ? Pays-Bas
12%
Dans quel pays se situe l'île de Gorée, « île-mémoire » de la tragique traite négrière ? Sénégal
12%
Quel pays possède, conformément à sa législation, suffisamment d'abris antiatomiques pour héberger 100 % de sa population ? Suisse
12%
Quel pays d'Europe s'écrit Shqipëri dans sa langue maternelle ? Albanie
11%
Quel pays est le plus pollué au monde (en concentration de particules - 2021) ? Bangladesh
11%
Quel pays se situe principalement sur le Jutland ? Danemark
11%
Quel pays a enregistré 400 000 morts liés à la famine au milieu des années 1980 ? Éthiopie
11%
De quel pays Toussaint Louverture est-il considéré comme le père ? Haïti
11%
Quel pays est surnommé l'Île d'Émeraude ? Irlande
11%
Dans quel pays la population a-t-elle a culminé à environ 128 millions d'habitants en 2010 avant de diminuer ? Japon
11%
Dans quel pays se situe la ville de Mombasa ? Kenya
11%
Quel est le seul pays européen doublement enclavé ? Liechtenstein
11%
Quel pays a la plus forte densité de population ? Monaco
11%
Quel pays portait autrefois le nom de Sud-Ouest africain allemand ? Namibie
11%
De quel pays l'ourdou et l'anglais sont-ils les langues officielles ? Pakistan
11%
Les polders représentent 17% de la surface du territoire de quel pays ? Pays-Bas
11%
De quel pays le fleuve Severn est-il le plus long cours d'eau ? Royaume-Uni
11%
Quel pays européen n'a rejoint l'ONU qu'en 2002 ? Suisse
11%
Quel est le plus grand pays enclavé d'Afrique ? Tchad
11%
De quel pays vient le groupe AC/DC ? Australie
10%
Quel pays possède 37 langues officielles ? Bolivie
10%
Dans quel pays fut tourné Le Bon, la Brute et le Truand ? Espagne
10%
Si je dois lever des shekels pour être élu à la Knesset, dans quel pays suis-je ? Israël
10%
Quel est le pays le moins densément peuplé au monde ? Mongolie
10%
L'expression Nollywood fait référence à l'industrie cinématographique de quel pays ? Nigeria
10%
Quel pays a pour capitale Ngerulmud ? Palaos
10%
Dans quel pays célèbre-t-on la journée nationale du ceviche ? Pérou
10%
Selon Winston Churchill, quel pays était « un rébus enveloppé de mystère au sein d'une énigme » ? Russie
10%
Quel est le pays le plus septentrional où l'on trouve des tigres à l'état sauvage ? Russie
10%
Quel est le plus petit pays d'Amérique du Nord ? Saint-Christophe-et-Niévès
10%
Quel pays est séparé en deux par les Dardanelles ? Turquie
10%
Quel pays compte plus de 90 % d'hommes ? Vatican
10%
À quel pays appartient l'île de Socotra ? Yémen
10%
Quel pays d'Europe a l'altitude moyenne la plus élevée ? Andorre
9%
Quel pays possède le seul drapeau où figurent des humains ? Belize
9%
Quel pays portait autrefois le nom de Dahomey ? Bénin
9%
Hors territoires d'outre-mer, quel est le pays le plus méridional du monde ? Chili
9%
Quel pays procède au plus grand nombre d'exécutions par an ? Chine
9%
Quel est le pays le plus pauvre d'Asie ? Corée du Nord
9%
Quel pays a remporté le plus grand nombre de médailles d'or aux Jeux Olympiques en baseball ? Cuba
9%
Quel pays était dirigé par Haïlé Sélassié ? Éthiopie
9%
Sur quelle île la population a culminé à 8 millions d'habitants dans les années 1840, mais est toujours plus faible aujourd'hui encore ? Irlande
9%
Excepté l'Inde, quel est le seul autre pays à être majoritairement hindou ? Népal
9%
Quel pays était gouverné par Idi Amin ? Ouganda
9%
Quel pays a interdit la vente de chewing-gum en 2004 ? Singapour
9%
Quel pays était autrefois appelé Rhodésie du Nord ? Zambie
9%
Quel pays a été longtemps qualifié de « cimetière des empires » ? Afghanistan
8%
Dans quel pays Gandhi s'est-il battu pour les droits civiques avant de retourner en Inde ? Afrique du Sud
8%
Dans quel pays la vegemite est-elle essentiellement consommée ? Australie
8%
Dans quel pays peut-on trouver un billabong ? Australie
8%
Quel pays a rétabli en 2019 la chasse à l'éléphant ? Botswana
8%
Quel pays a importé environ quatre millions d'esclaves avant d'interdire finalement l'esclavage en 1888 ? Brésil
8%
Dans quel pays le mannequin Gisele Bündchen est-il né ? Brésil
8%
Quel pays est devenu indépendant en 1867, 1931 ou 1982 (selon différents points de vue) ? Canada
8%
Quel pays a changé son idéologie d'État du communisme au "Juche" dans les années 1990 ? Corée du Nord
8%
Dans quel pays se situe le volcan Chimborazo, dont le sommet et le point le plus éloigné du centre de la Terre ? Équateur
8%
De quel pays proviennent les sandwichs sous-marins ? États-Unis
8%
De quel pays le groupe ethnique romani est-il originaire ? Inde
8%
De quel pays les îles Andaman-et-Nicobar sont-elles un territoire ? Inde
8%
Dans quel pays trouve-t-on les villes de Falloujah et Tikrit ? Irak
8%
Parmi les pays ayant un K dans leur nom, lequel est le plus court ? Irak
8%
Quel est le plus petit pays insulaire ? Nauru
8%
Quel pays a été dirigé par Benazir Bhutto et Pervez Musharraf ? Pakistan
8%
De quel pays vient Fifi Brindacier ? Suède
8%
Quel pays était autrefois connu sous le nom de Formose ? Taïwan
8%
Dans quel pays peut-on trouver les villes d'Espoo, de Tampere et de Vantaa ? Finlande
7%
Dans quel pays le zoroastrisme est-t-il né ? Iran
7%
De quel pays est originaire la Lucha Libre ? Mexique
7%
Dans quel pays les Tigres tamouls ont-ils mené une guerre civile ? Sri Lanka
7%
Quel pays fut le premier à légaliser la production et la vente de cannabis en 2013 ? Uruguay
7%
Dans quel pays un billet de cent mille milliards de dollars (valant 30 dollars américains) fut mis en circulation en 2009 suite à un phénomène d'hyperinflation ? Zimbabwe
7%
En partant de Hong Kong et en creusant directement au centre de la Terre, dans quel pays émergeriez-vous ? Argentine
6%
Dans quel pays moderne se trouvait la colonie nordique du Vinland ? Canada
6%
Quel pays possède le drapeau avec le plus de bleu (97,7%) ? États Fédérés de Micronésie
6%
Sur le drapeau de quel pays trouve-t-on deux fusils Remington et deux sabres ? Guatemala
6%
Quel pays d'Europe a pour point culminant le Carrauntuohil ? Irlande
6%
Quel pays était responsable de l'attentat de Lockerbie ? Libye
6%
Quel est le pays a avoir rejoint l'OTAN le plus récemment (2020) ? Macédoine du Nord
6%
Quel pays était connu sous l'acronyme ARYM jusqu'en 2019 ? Macédoine du Nord
6%
Quel pays compte les départements de Amambay, Caazapá et Misiones ? Paraguay
6%
Dans quel pays se trouvent les villes de Bacolod, Cebu et Davao ? Philippines
6%
Quel a été le dernier pays à abolir le servage, en 1861 ? Russie
6%
De quel pays le Merlion est-il l'emblème ? Singapour
6%
Chang et Eng étaient des jumeaux fusionnés célèbres dans les années 1800. Dans quel pays moderne étaient-ils nés ? Thaïlande
6%
Quel pays a pour code pays TT ? Trinité-et-Tobago
6%
À quel pays d'Afrique appartient l'archipel des Bijagos, comptant 88 îles ? Guinée-Bissau
5%
Quel pays est situé sur la dorsale médio-atlantique ? Islande
5%
De quel pays le tugrik est-il la monnaie ? Mongolie
5%
À part les États-Unis, quel pays a remporté le plus grand nombre de grands concours de beauté internationaux ? Venezuela
5%
Dans quel pays se situe le lac Maracaibo ? Venezuela
5%
Quel pays se trouve exactement à l'opposé de Pékin, en Chine ? Argentine
4%
Dans quel pays se trouvent Gooloogong, Wonglepong et le mont Buggery ? Australie
4%
Quel pays a pour sport national le tir à l'arc ? Bhoutan
4%
Quel pays possède le drapeau avec le plus de jaune (54,6%) ? Brunei
4%
De quel pays vient le prénom Pádraig ? Irlande
4%
Quel pays compte les subdivisions de Capellen, Redange et Vianden ? Luxembourg
4%
Quel pays était autrefois appelé Nyassaland ? Malawi
4%
Quel fut le dernier pays à abolir l'esclavage, en 1981 ? Mauritanie
4%
Quel pays d'Europe s'écrit Црна Гора dans sa langue maternelle ? Monténégro
4%
Dans quel pays les Sandinistas ont-ils combattu les Contras dans les années 1980 ? Nicaragua
4%
Aotearoa est l'autre nom de quel pays ? Nouvelle-Zélande
4%
Quel pays fut dirigé par le dictateur Rafael Trujillo ? République dominicaine
4%
De quel pays est originaire la danse appelée limbo ? Trinité-et-Tobago
4%
De quel pays est originaire l'instrument à cordes nommé kora ? Mali
3%
Dans que pays se trouve la cordillère Néovolcanique ? Mexique
3%
De quel pays la balboa est-elle la monnaie ? Panama
3%
A l'origine, de quel pays viennent les bagels ? Pologne
3%
Quel pays d'Afrique se situe au cœur d'une anomalie magnétique, rendant notamment les boussoles inopérantes ? République Centrafricaine
3%
Quel pays borde la mer de Petchora ? Russie
3%
Quel pays a pour langue nationale le tétoum ? Timor Oriental
2%
Aucun quiz correspondant
Distribution des résultats
% des personnes avec chaque résultat
Percentile par nombre de réponses
Votre historique - résultats
Vous n’avez pas pris ce quiz